000
00262nam a2200097Ia 4500
008
241105s9999 xx 000 0 und d
041
_a
eng
100
_a
Misal Tirtha
_9
182578
245
_a
Slum Rehabilitation Maharashtra
260
_b
Final Year B. Arch, BNCA
_c
2014
999
_c
360869
_d
360869